000 03330nab a2200373 i 4500
003 BR-BrBNA
005 20240717172507.0
008 240717b2017 bl.|r|poo|||| 00| 0 por |
040 _aBR-BrBNA
_bpor
072 _aL73
_b5400
072 _aL70
100 _aHartmann, H.F.
100 _aFerant, J.P.S.
100 _aOliveira, M.T.
100 _aLinhares, M.T.
100 _aCorrea, L.F.D.
100 _aCoradini, G.P.
100 _aPires, B.
100 _aBrun, M.V.
245 _aRefluxo gastroesofágico em cadelas durante ovário-histerectomia convencional submetidas a diferentes medicações pré-anestésicas
500 _aPublicação online; 29 ref.; Summaries (En, Pt)
520 _a RESUMO - A doença do refluxo gastroesofágico decorre do fluxo de conteúdo gastroduodenal para o esôfago e/ou para os órgãos adjacentes, o que leva à ampla gama de sinais e implicações clínicas. É desconhecida a incidência de refluxo gastroesofágico transoperatório em caninos. O objetivo deste trabalho foi, por meio da endoscopia flexível, avaliar a presença do refluxo gastroesofágico em cadelas submetidas a ováriohisterectomia com base nos fármacos analgésicos utilizados na medicação pré-anestésica (morfina, tramadol ou metadona). Concluiu-se que não houve diferença na incidência de refluxo gastroesofágico transoperatório, não tendo os fármacos testados influenciado de forma diferente esse comportamento; porém, alguns animais do grupo morfina apresentaram êmese pré-operatória. A gravidade dos refluxos foi maior nas cadelas submetidas ao uso da metadona, de acordo com o método de avaliação utilizado para esta pesquisa. Palavras-chave: endoscopia, regurgitação transoperatória, pré-medicação, canino
520 _a ABSTRACT - Gastroesophageal reflux disease arises from the gastroduodenal content flow to the esophagus and/or associated organs, which leads to the wide range of signs and clinical implications. Incidence of intraoperative gastroesophageal reflux disease in dogs is unknown. The objective was, through flexible endoscopy, to assess the presence of gastroesophageal reflux in dogs undergoing ovariohysterectomy based on analgesic drugs used in premedication (morphine, tramadol or methadone). It was concluded that there was no difference in the incidence of intraoperative gastroesophageal reflux, these drugs don't influence this behavior; however, in the morphine group some animals showed preoperative vomiting. The severity of the reflux was higher, but not significantly, in bitches undergoing the methadone according to the evaluator method used for this research. Keywords:endoscopy, intraoperative regurgitation, surgery, premedication, canine
650 _aCÃO
650 _aDOENÇA ANIMAL
650 _aANESTESIA
650 _aMEDICAMENTO
650 _aREFLUXO
650 _aVETERINÁRIA
773 0 _01643
_9316243
_dBelo Horizonte-MG Universidade Federal de Minas Gerais - Escola de Veterinaria 1983
_o2024-2644
_tArquivo Brasileiro de Medicina Veterinária e Zootecnia (Brazil)
_x0102-0935
_gv. 69(5) p. 1231-1235; (2017)
_wBR2024002203
856 _uhttps://www.scielo.br/j/abmvz/a/359jMBztmBnBZFCPdpqZpGw/?format=pdf&lang=pt
942 _cAnalítica
999 _c300576
_d300576